Statistics for Top 10 Countries with Most Identity Theft

Click here to take the quiz!

General Stats

  • This quiz has been taken 51 times
  • The average score is 7 of 10

Answer Stats

RankCountry% Correct
1United States
100%
4Canada
88%
3Russia
85%
6China
83%
8Japan
76%
2France
73%
7South Korea
68%
9Netherlands
54%
10Sweden
54%
5Taiwan
44%

Score Distribution

Percentile by Number Answered

Percent of People with Each Score

Your Score History

You have not taken this quiz